| 000 | 00517nam a2200205Ia 4500 | ||
|---|---|---|---|
| 005 | 20241129125248.0 | ||
| 008 | 131103s9999 xx 000 0 und d | ||
| 020 | _a219 51635 9 | ||
| 040 | _aLoreto College | ||
| 041 | _aEnglish | ||
| 082 |
_a900/N _bMOS |
||
| 100 | _aMoss, Peter | ||
| 245 |
_aHistory alive 2 _b 1688 - 1789 |
||
| 260 |
_aGreat Britain _bBlond _c1970 |
||
| 300 |
_a152p. _b ill. |
||
| 504 | _aIncludes index | ||
| 650 | _aModern World history - 1688 - 1789 | ||
| 850 | _aLCBED | ||
| 942 | _cBK | ||
| 999 |
_c29048 _d79527 |
||